Toyota Prius Family - Statistics

General Stats
  • This quiz has been taken 44 times
  • The average score is 2 of 5
Answer Stats
Prius Hints Answers % Correct
Sedan (and the original) Prius
97%
Generation 2 Plug-in Hybrid Prime
48%
Hatchback Aqua
42%
Minivan Alpha
18%
Generation 1 Plug-in Hybrid PHV
18%
No matching quizzes found
Score Distribution
Percent of People with Each Score
Percentile by Number Answered
Your Score History
You have not taken this quiz